Sports and exercise nutrition / (Record no. 33611)
[ view plain ]
| 000 -LEADER | |
|---|---|
| fixed length control field | 02399cam a2200397 i 4500 |
| 001 - CONTROL NUMBER | |
| control field | 20590751 |
| 003 - CONTROL NUMBER IDENTIFIER | |
| control field | JO-AjAnu |
| 005 - DATE AND TIME OF LATEST TRANSACTION | |
| control field | 20240805105330.0 |
| 008 - FIXED-LENGTH DATA ELEMENTS--GENERAL INFORMATION | |
| fixed length control field | 180719s2019 paua b 001 0 eng |
| 010 ## - LIBRARY OF CONGRESS CONTROL NUMBER | |
| LC control number | 2018034659 |
| 020 ## - INTERNATIONAL STANDARD BOOK NUMBER | |
| International Standard Book Number | 9781496377357 (hardback) |
| 035 ## - SYSTEM CONTROL NUMBER | |
| System control number | (DNLM)101730677 |
| 040 ## - CATALOGING SOURCE | |
| Original cataloging agency | DNLM/DLC |
| Transcribing agency | DLC |
| Description conventions | rda |
| Modifying agency | DLC |
| -- | JO-AjAnu |
| 042 ## - AUTHENTICATION CODE | |
| Authentication code | pcc |
| 050 00 - LIBRARY OF CONGRESS CALL NUMBER | |
| Classification number | TX361.A8 |
| Item number | M38 2019 |
| 060 10 - NATIONAL LIBRARY OF MEDICINE CALL NUMBER | |
| Classification number | QT 263 |
| 082 00 - DEWEY DECIMAL CLASSIFICATION NUMBER | |
| Classification number | 613.202/4796 |
| Edition number | 23 |
| 100 1# - MAIN ENTRY--PERSONAL NAME | |
| Personal name | McArdle, William D., |
| Relator term | author. |
| 245 10 - TITLE STATEMENT | |
| Title | Sports and exercise nutrition / |
| Statement of responsibility, etc. | Willam D. McArdle, (Professor Emeritus Department of Family, Nutrition, and Excercise Science Queens College of the City University of New York, Flushing, New York); Frank I. Katch, (Former Professor, Chair, and Graduate Program Director of the Exercise Science Department University of Massachusetts, Amherst, Massachusetts, Instructor and Board Member Certificate Program in Fitness Instruction University of California at Los Angeles (UCLA) Extension, Los Angeles, California); Victor L. Katch, (Professor Emeritus Department of Movement Science School of Kinesiology, Division of Pediatric Cardiology, C.S. Mott Children's Hospital University of Michigan, Ann Arbor, Michigan. |
| 250 ## - EDITION STATEMENT | |
| Edition statement | Fifth edition. |
| 264 #1 - PRODUCTION, PUBLICATION, DISTRIBUTION, MANUFACTURE, AND COPYRIGHT NOTICE | |
| Place of production, publication, distribution, manufacture | Philadelphia : |
| Name of producer, publisher, distributor, manufacturer | Wolters Kluwer, |
| Date of production, publication, distribution, manufacture, or copyright notice | [2019] |
| 300 ## - PHYSICAL DESCRIPTION | |
| Extent | xxv, 657 pages : |
| Other physical details | color illustrations ; |
| Dimensions | 29 cm |
| 336 ## - CONTENT TYPE | |
| Content type term | text |
| Source | rdacontent |
| 337 ## - MEDIA TYPE | |
| Media type term | unmediated |
| Source | rdamedia |
| 338 ## - CARRIER TYPE | |
| Carrier type term | volume |
| Source | rdacarrier |
| 504 ## - BIBLIOGRAPHY, ETC. NOTE | |
| Bibliography, etc. note | Includes bibliographical references and index. |
| 520 ## - SUMMARY, ETC. | |
| Summary, etc. | "The goal of the text is to illustrate the "integration of nutrition and exercise and its impact on optimal exercise performance and training responsiveness." This is the most in depth and detailed sports nutrition book on the market authored by the well-known team of McArdle, Katch and Katch. The challenge of this course is presenting nutrition content/material at the level that is appropriate for those studying exercise science and not nutrition"--Provided by publisher. |
| 650 12 - SUBJECT ADDED ENTRY--TOPICAL TERM | |
| Topical term or geographic name entry element | Sports Nutritional Physiological Phenomena |
| 650 22 - SUBJECT ADDED ENTRY--TOPICAL TERM | |
| Topical term or geographic name entry element | Energy Metabolism |
| General subdivision | physiology |
| 650 22 - SUBJECT ADDED ENTRY--TOPICAL TERM | |
| Topical term or geographic name entry element | Exercise |
| General subdivision | physiology |
| 700 1# - ADDED ENTRY--PERSONAL NAME | |
| Personal name | Katch, Frank I., |
| Relator term | author. |
| 700 1# - ADDED ENTRY--PERSONAL NAME | |
| Personal name | Katch, Victor L., |
| Relator term | author. |
| 906 ## - LOCAL DATA ELEMENT F, LDF (RLIN) | |
| a | 7 |
| b | cbc |
| c | orignew |
| d | 1 |
| e | ecip |
| f | 20 |
| g | y-gencatlg |
| 942 ## - ADDED ENTRY ELEMENTS (KOHA) | |
| Source of classification or shelving scheme | Library of Congress Classification |
| Koha item type | Books |
| Suppress in OPAC | No |
| Withdrawn status | Lost status | Source of classification or shelving scheme | Damaged status | Not for loan | Home library | Current library | Date acquired | Total Checkouts | Full call number | Barcode | Date last seen | Price effective from | Koha item type |
|---|---|---|---|---|---|---|---|---|---|---|---|---|---|
| Library of Congress Classification | مكتبة جامعة عجلون الوطنية | مكتبة جامعة عجلون الوطنية | 05/08/2024 | TX361.A8.M38 2019 | e3825 | 05/08/2024 | 05/08/2024 | Books | |||||
| Library of Congress Classification | مكتبة جامعة عجلون الوطنية | مكتبة جامعة عجلون الوطنية | 05/08/2024 | TX361.A8.M38 2019 | e3826 | 05/08/2024 | 05/08/2024 | Books |